000 00678nam a2200157 a 4500
008 090915s2007 ||||||||||||||||| || u
050 _aUN-ECA(02)
110 _aUnited Nations Economic and Social Affairs (UNESA)
245 1 0 _aHarnessing traditional governance in the Southern Africa
260 _aLusaka
_bUNITED NATIONS ECONOMIC COMMISSION FOR AFRICA(UNECA)
_c2007
300 _axiv, 60p. ;ill
350 _a0.00
500 _aIncludes Bibliographical References
650 _aGOVERNANCE--AFRICA, SOUTHERN
995 _D0.00
_FCBU-MAIN LIBRARY (Kitwe)
_H1
_I0.00
_M1
_UAVAILABLE
_WSep 22, 2009
_ZInternational Publications
999 _c45378
_d45378